00405nam a2200157Ia 45000010006000000050017000060080041000230410008000640820015000721000026000872450081001132600009001943000028002036500008002316540008002391761720260306171530.0260306s9999||||xx |||||||||||||| ||und|| aESP a658.1bL92 aLouffat, EnriqueeAUT 0aOrganigramas y manuales organizacionales:bfundamentos para su elaboración c2006 a149 páginas :c17 cm. aGEN aCAN